[Event "HUN-chT BAZ megyei CSB 2223"]
[Site "Hungary"]
[Date "2023.02.26"]
[Round "7.6"]
[White "Horvath, Laszlo5"]
[Black "Kaczvinszki, Viktor"]
[Result "1-0"]
[WhiteElo "1674"]
[BlackElo "1511"]
[PlyCount "87"]
[EventDate "2022.09.25"]
[EventType "team-tourn"]
[EventRounds "9"]
[EventCountry "HUN"]
[SourceTitle "EXT 2025"]
[Source "ChessBase"]
[SourceDate "2024.10.14"]
[SourceVersion "1"]
[SourceVersionDate "2024.10.14"]
[SourceQuality "1"]
[WhiteTeam "Hidasnemeti VSC"]
[BlackTeam "Tiszaujvaros"]
[WhiteTeamCountry "HUN"]
[BlackTeamCountry "HUN"]

1. e4 e5 2. d4 exd4 3. c3 dxc3 4. Bc4 Qf6 5. Nxc3 c6 6. Nf3 d6 7. Bg5 Qg6 8. Bh4 h6 9. Bg3 Nd7 10. 0-0 Nb6 11. Nh4 Qf6 12. Bb3 Be6 13. e5 dxe5 14. Bxe6 Qxe6 15. Bxe5 Nf6 16. Bc7 Be7 17. Re1 Qd7 18. Bd6 Nfd5 19. Bxe7 Nxe7 20. Qe2 Kf8 21. Rad1 Ned5 22. Qf3 Qd6 23. Ne4 Qe6 24. Nc5 Qf6 25. Qxf6 Nxf6 26. Nxb7 Nbd5 27. Na5 Rc8 28. a3 g6 29. Rc1 c5 30. b4 Kg7 31. Rxc5 Rxc5 32. bxc5 Rc8 33. c6 Rc7 34. Nf3 Ne7 35. Nd4 a6 36. Rb1 Ned5 37. Rb7 Rc8 38. Ne6+ Kg8 39. Nc5 Re8 40. g3 Re1+ 41. Kg2 Rc1 42. Nab3 Rc2 43. c7 Nxc7 44. Rxc7 1-0

[Event "HUN-chT BAZ megyei CSB 2223"]
[Site "Hungary"]
[Date "2023.01.15"]
[Round "5.7"]
[White "Kaczvinszki, Viktor"]
[Black "Banszky, Miklos"]
[Result "1/2-1/2"]
[WhiteElo "1511"]
[BlackElo "1802"]
[PlyCount "95"]
[EventDate "2022.09.25"]
[EventType "team-tourn"]
[EventRounds "9"]
[EventCountry "HUN"]
[SourceTitle "EXT 2025"]
[Source "ChessBase"]
[SourceDate "2024.10.14"]
[SourceVersion "1"]
[SourceVersionDate "2024.10.14"]
[SourceQuality "1"]
[WhiteTeam "Tiszaujvaros"]
[BlackTeam "Ozdi Sakk SE"]
[WhiteTeamCountry "HUN"]
[BlackTeamCountry "HUN"]

1. e4 c5 2. Nf3 d6 3. d4 cxd4 4. Nxd4 Nf6 5. Nc3 g6 6. Be2 Bg7 7. 0-0 0-0 8. Bf3 Nbd7 9. g3 Ne5 10. Bg2 a6 11. Bf4 Nfd7 12. Qc1 Nc4 13. Nb3 Nde5 14. Rb1 Nc6 15. Bh6 Be6 16. Bxg7 Kxg7 17. Nd5 Rb8 18. Nd2 Nb6 19. c4 Nd7 20. Qc3+ f6 21. a3 g5 22. Nf3 Bf7 23. Nxg5 Nde5 24. Nxf7 Kxf7 25. f4 Ng6 26. b4 e6 27. Ne3 Qb6 28. Rfd1 Rbd8 29. Kh1 Nge7 30. Ng4 Kg6 31. Qd3 Kg7 32. Qc3 Kg6 33. a4 h6 34. h4 h5 35. Ne3 Kh6 36. f5 e5 37. Qd2 Kg7 38. Nd5 Nxd5 39. cxd5 Nd4 40. a5 Qb5 41. Bf1 Qa4 42. Rdc1 Rc8 43. Kg2 Qa3 44. Bd3 Qa4 45. Qb2 Qd7 46. Kh3 Rxc1 47. Rxc1 Rc8 48. Qb1 1/2-1/2

[Event "HUN-chT BAZ megyei CSB 2223"]
[Site "Hungary"]
[Date "2022.11.13"]
[Round "4.7"]
[White "Fabian, Lajos1"]
[Black "Kaczvinszki, Viktor"]
[Result "1/2-1/2"]
[WhiteElo "1739"]
[BlackElo "1499"]
[PlyCount "85"]
[EventDate "2022.09.25"]
[EventType "team-tourn"]
[EventRounds "9"]
[EventCountry "HUN"]
[SourceTitle "EXT 2025"]
[Source "ChessBase"]
[SourceDate "2024.10.14"]
[SourceVersion "1"]
[SourceVersionDate "2024.10.14"]
[SourceQuality "1"]
[WhiteTeam "Szirmabesenyo II"]
[BlackTeam "Tiszaujvaros"]
[WhiteTeamCountry "HUN"]
[BlackTeamCountry "HUN"]

1. Nf3 Nc6 2. d4 d5 3. h3 Nf6 4. Nc3 e6 5. a3 Be7 6. Bf4 0-0 7. Nb5 Bd6 8. Ne5 a6 9. Nxd6 cxd6 10. Nf3 Re8 11. e3 Ne4 12. Bd3 e5 13. dxe5 dxe5 14. Bh2 Nxf2 15. Kxf2 e4 16. Be2 exf3 17. Bxf3 Be6 18. c3 Qb6 19. Qd2 Rad8 20. Rad1 Na5 21. Be2 Nc4 22. Bxc4 dxc4 23. Qe2 Bf5 24. Rd4 Rxd4 25. cxd4 Bd3 26. Qd2 Qg6 27. Re1 Be4 28. Kg1 b5 29. Qf2 Rc8 30. g4 h5 31. Qf4 c3 32. bxc3 Rxc3 33. Qd6 hxg4 34. Qxg6 fxg6 35. hxg4 Rc2 36. Bd6 Rg2+ 37. Kf1 Rxg4 38. Rc1 Bd3+ 39. Kf2 Bc4 40. Kf3 Rg5 41. e4 Kf7 42. Rh1 Rh5 43. Rh2 1/2-1/2

[Event "HUN-chT BAZ megyei CSB 2223"]
[Site "Hungary"]
[Date "2022.10.16"]
[Round "3.5"]
[White "Kaczvinszki, Viktor"]
[Black "Ivan, Reka Gyogyver"]
[Result "0-1"]
[WhiteElo "1511"]
[BlackElo "1901"]
[PlyCount "58"]
[EventDate "2022.09.25"]
[EventType "team-tourn"]
[EventRounds "9"]
[EventCountry "HUN"]
[SourceTitle "EXT 2025"]
[Source "ChessBase"]
[SourceDate "2024.10.14"]
[SourceVersion "1"]
[SourceVersionDate "2024.10.14"]
[SourceQuality "1"]
[WhiteTeam "Tiszaujvaros"]
[BlackTeam "Miskolc KisBocsok"]
[WhiteTeamCountry "HUN"]
[BlackTeamCountry "HUN"]

1. e4 c6 2. d4 d5 3. exd5 cxd5 4. c3 Nc6 5. Nf3 Nf6 6. Bb5 a6 7. Ba4 Bg4 8. h3 Bh5 9. 0-0 e6 10. Qd3 Bg6 11. Qe3 b5 12. Bd1 Bd6 13. Ne5 Qc7 14. f4 0-0 15. Nd2 a5 16. Ndf3 b4 17. Ba4 Ne7 18. Nh4 Ne4 19. Nhxg6 hxg6 20. Bc2 Nf6 21. Bd2 a4 22. b3 bxc3 23. Qxc3 Qxc3 24. Bxc3 Rfc8 25. Rf3 Ne4 26. Bxe4 dxe4 27. Re3 Nf5 28. Rxe4 Rxc3 29. Nc4 axb3 0-1

[Event "HUN-chT BAZ megyei CSB 2122"]
[Site "Hungary"]
[Date "2022.01.23"]
[Round "6.9"]
[White "Borsodi, Gabor"]
[Black "Kaczvinszki, Viktor"]
[Result "1-0"]
[WhiteElo "1640"]
[BlackElo "1504"]
[PlyCount "36"]
[EventDate "2021.10.17"]
[EventType "team-tourn"]
[EventRounds "9"]
[EventCountry "HUN"]
[SourceTitle "EXT 2025"]
[Source "ChessBase"]
[SourceDate "2024.10.14"]
[SourceVersion "1"]
[SourceVersionDate "2024.10.14"]
[SourceQuality "1"]
[WhiteTeam "Ozdi Sakk SE"]
[BlackTeam "Tiszaujvaros"]
[WhiteTeamCountry "HUN"]
[BlackTeamCountry "HUN"]

1. e4 e5 2. Nf3 d6 3. d4 exd4 4. Nxd4 Nf6 5. Bd3 Be7 6. Nc3 c6 7. Bd2 Nbd7 8. 0-0 Ne5 9. Be2 0-0 10. f4 Ng6 11. Qe1 Qb6 12. Be3 c5 13. Nf5 Qxb2 14. Nxe7+ Nxe7 15. e5 dxe5 16. Bxc5 Re8 17. Bd3 Ned5 18. Na4 Qxa1 1-0